000 01043cam a2200265 a 4500
001 vtls003052810
003 MY-SjTCS
005 20200226121112.0
008 110218s2002 at b br 001 0 eng
020 _a174114020X (pbk.)
039 9 _a201102181741
_bVLOAD
_c200811241820
_dVLOAD
_c200706011140
_dpushpa
_y200705231451
_zmalathy
082 0 4 _a641.220994
_bBEE
100 1 _aBeeston, John.
_995615
245 1 4 _aThe wine regions of Australia /
_cJohn Beeston.
250 _a2nd ed.
260 _aCrows Nest, NSW :
_bAllen & Unwin,
_c2002.
300 _axii, 595 p. :
_bmaps ;
_c23 cm.
504 _aIncludes bibliographical references (p. 587) and index.
505 2 _aI: Victoria -- II: Tasmania -- III: South Australia -- IV: Western Australia -- V: New South wales --VI: Queensland and northern territory.
650 0 _aWine and wine making
_zAustralia.
_924694
650 0 _aWine and wine making
_zAustralia
_vDirectories.
650 0 _aWine industry
_zAustralia.
650 0 _aWine districts
_zAustralia.
920 _aTCHT : 641822
999 _c176578